| 000 | 00734nam a22002297a 4500 | ||
|---|---|---|---|
| 003 | OSt | ||
| 005 | 20231101151041.0 | ||
| 008 | 221006b |||||||| |||| 00| 0 eng d | ||
| 040 | _cBiblioteca Lado V | ||
| 082 |
_a779.942 _bT316p |
||
| 100 |
_91187 _aX-Teresa _eautor |
||
| 245 | _aLa promesa/ | ||
| 260 |
_aMexico _aPuerto Rico _bM&M Proyectos _c2003 |
||
| 300 |
_a48 p. _c11.5 x 14.5 cm |
||
| 366 | _efre | ||
| 366 | _eeng | ||
| 650 |
_2Tesauro de Arte & Arquitectura _aARTE _9703 |
||
| 650 |
_2Tesauro de Arte & Arquitectura _aFOTOGRAFIA _9702 |
||
| 650 |
_2Tesauro de Arte & Arquitectura _aFIGURA HUMANA _9703 |
||
| 650 |
_2Tesauro de Arte & Arquitectura _aEXPRESIÓN |
||
| 942 |
_2ddc _c1 _h779.942 _iT316p _n0 |
||
| 999 |
_c4525 _d4525 |
||